América Latina: la prevención debe ser el principio orientador en materia de accidentes y enfermedades profesionales. Los profesionales deben ser informados acerca de los riesgos a que están expuestos y recibir formación para que tomen medidas preventivas /

Salvato in:
Dettagli Bibliografici
Autore principale: Farza, Heloísa
Natura: testo
Soggetti:
Tags: Aggiungi Tag
Nessun Tag, puoi essere il primo ad aggiungerne!!

MARC

LEADER 00000 a a2200000 04500
001 5555
003
040
100 |a Farza, Heloísa  
245 |a América Latina:   |b la prevención debe ser el principio orientador en materia de accidentes y enfermedades profesionales. Los profesionales deben ser informados acerca de los riesgos a que están expuestos y recibir formación para que tomen medidas preventivas /  |c Heloísa Farza 
650 |a SEGURIDAD LABORAL  
650 |a AMERICA LATINA  
650 |a MORTALIDAD OCUPACIONAL  
650 |a TRABAJADORES AGRICOLAS  
773 |g número 118 -119; páginas 75-83  
999 |c 24978  |d 24978